| 000 | 00913nam a2200265Ia 4500 | ||
|---|---|---|---|
| 003 | GCL | ||
| 008 | 140319s9999 xx 000 0 ara d | ||
| 040 |
_aGCL / _cGCL |
||
| 082 | 0 | 4 |
_a324.6 _bا د |
| 100 | 1 | _aعلى الصاوى | |
| 245 | 1 | 0 |
_aدليل الدعاية الانتخابية / _cعلى الصاوى |
| 700 | 1 | _aابراهيم محمود | |
| 700 | 1 | _aاحمد جمعة | |
| 700 | 1 | _aايمان محمد بيبرس | |
| 260 |
_aالقاهرة : _bجمعية نهوض وتنمية المراة ، _c2005 |
||
| 300 |
_a87 ص ؛ _c24 سم |
||
| 650 | 0 | 4 | _aالانتخابات الرئاسية - مصر |
| 650 | 0 | 4 | _aالانتخابات |
| 650 | 0 | 4 | _aالعلوم السياسية |
| 650 | 0 | 4 | _aحق الانتخاب |
| 650 | 0 | 4 | _aالانتخابات - حملات |
| 650 | 0 | 4 | _aالانتخابات الرئاسية |
| 650 | 0 | 4 | _aالدعاية الانتخابية |
| 942 |
_2ddc _cBK |
||
| 999 |
_c8928 _d8928 |
||